000 00752nam a2200289Ia 4500
005 20260324121225.0
008 008 260324s9999 xx 000 0 eng d
020 _a9780429193750
037 _aEBOOK
040 _aCRL
040 _beng
040 _cCRL
041 _2eng
041 _aeng
084 _qCRL
100 _aDaniel S. Elson; Laura Marcu; Paul M. W. French
_91161681
245 0 _aFluorescence Lifetime Spectroscopy and Imaging
245 0 _bPrinciples and Applications in Biomedical Diagnostics
260 _bTaylor and Francis
260 _c2014
365 _a
365 _b465
856 _uhttp://www.taylorfrancis.com/books/9780429193750
942 _cEBOOK
999 _c1753641
_d1753641